| 000 -LEADER |
| fixed length control field |
00452nam a22001337a 4500 |
| 008 - FIXED-LENGTH DATA ELEMENTS--GENERAL INFORMATION |
| fixed length control field |
200318b ||||| |||| 00| 0 eng d |
| 100 ## - MAIN ENTRY--PERSONAL NAME |
| 9 (RLIN) |
672 |
| Personal name |
Taylor, Captain L.G. |
| 245 10 - TITLE STATEMENT |
| Title |
Cargo Work : the care, handling and carriage of cargoes including the management of marine cargo transportation / |
| 250 ## - EDITION STATEMENT |
| Edition statement |
12th ed. |
| 260 ## - PUBLICATION, DISTRIBUTION, ETC. (IMPRINT) |
| Place of publication, distribution, etc |
Glasgow: |
| Name of publisher, distributor, etc |
Brown, Son & Ferguson, |
| Date of publication, distribution, etc |
1992. |
| 300 ## - PHYSICAL DESCRIPTION |
| Extent |
xvi, 506 |
| 650 #0 - SUBJECT ADDED ENTRY--TOPICAL TERM |
| Topical term or geographic name as entry element |
Cargo Handling |
| 942 ## - ADDED ENTRY ELEMENTS (KOHA) |
| Item type |
Books |